Les maréchaux de Napoléon par leurs prénoms - Statistiques

Statistiques générales
  • Ce quiz a été pris 87 fois
    59 depuis la dernière actualisation
  • Le résultat moyen est 17 sur 26
Statistiques - réponses
Prénom Nom % Correct
Michel Ney
92%
Joachim Murat
90%
Jean Lannes
88%
Charles Jean Baptiste Jules Bernadotte
80%
Jean de Dieu Soult
80%
André Massena
78%
Louis Nicolas Davout
76%
Louis Alexandre Berthier
73%
Etienne Jacques Joseph Mac Donald
69%
Joseph Antoine ou Jozef Antoni Poniatowski
69%
Emmanuel Grouchy
67%
Guillaume Marie Anne Brune
63%
Claude Victor Victor
63%
Jean Baptiste Bessières
61%
François Christophe Kellermann
61%
Nicolas Charles Marie Oudinot
59%
Louis Gabriel Suchet
57%
Adolphe Edouard Casimir Joseph Mortier
55%
Jean Mathieu Philibert Sérurier
55%
Laurent Gouvion Saint Cyr
53%
Auguste Frédéric Louis Marmont
53%
Jean Baptiste Jourdan
51%
Bon Adrien Moncey
51%
Catherine Dominique Perignon
47%
François Joseph Lefebvre
43%
Augereau Pierre
43%
Aucun quiz correspondant
Distribution des résultats
% des personnes avec chaque résultat
Percentile par nombre de réponses
Votre historique - résultats
Vous n’avez pas pris ce quiz depuis la dernière actualisation